[Event "36. TCh-GRE"]
[Site "Kallithea Halkidiki GRE"]
[Date "2008.07.07"]
[Round "3"]
[White "Gelashvili, Tamaz"]
[Black "Kryvoruchko, Yuriy"]
[Result "1/2-1/2"]
[WhiteElo "2612"]
[BlackElo "2628"]
[EventDate "2008.07.06"]

1.e4 c5 2.b3 d6 3.Bb2 Nf6 4.Bb5+ Bd7 5.Bxd7+ Nbxd7 6.Qe2 g6 7.f4 Bg7 8.Nc3 O-O 9.g4 e6 10.O-O-O a6 11.f5 exf5 12.exf5 d5 13.g5 d4 14.gxf6 dxc3 15.Bxc3 Nxf6 16.fxg6 hxg6 17.Nf3 Qd5 18.Rhf1 Rae8 19.Qg2 Nh5 20.Bxg7 Kxg7 21.Rde1 a5 22.Qg4 b5 23.Ng5 Rxe1+ 24.Rxe1 a4 25.Nf3 axb3 26.axb3 Nf6 27.Qf4 Ra8 28.Kb2 c4 29.Nd4 Qc5 30.Ra1 Rxa1 31.Kxa1 cxb3 32.cxb3 Qd5 33.Kb2 Nd7 34.Nf3 f6 1/2-1/2

[Event "2. ROMGAZ Open"]
[Site "Bucharest ROU"]
[Date "2008.09.18"]
[Round "8"]
[White "Gelashvili, Tamaz"]
[Black "Mamedov, Nidjat"]
[Result "1/2-1/2"]
[WhiteElo "2612"]
[BlackElo "2564"]
[EventDate "2008.09.11"]

1.e4 c5 2.b3 d6 3.Bb2 Nf6 4.Bb5+ Bd7 5.Bxd7+ Qxd7 6.Nc3 g6 7.Nd5 Bg7 8.Nxf6+ exf6 9.Qf3 O-O 10.Ne2 Re8 11.O-O Nc6 12.d3 f5 13.Bxg7 Kxg7 14.exf5 Qxf5 15.Qxf5 gxf5 16.Nf4 Nd4 17.Rfc1 Re5 18.Kf1 Rae8 19.c3 Ne2 20.Nxe2 Rxe2 21.Re1 R2e6 22.d4 cxd4 23.cxd4 Rxe1+ 24.Rxe1 Rc8 25.Re7 Rc1+ 26.Ke2 Rc2+ 27.Ke3 Rxa2 28.Rxb7 Kf6 29.g3 a5 30.Ra7 f4+ 31.gxf4 Ra3 32.Ke4 Rxb3 33.Rxa5 Rh3 34.Ra6 Rxh2 35.Rxd6+ Ke7 36.Ra6 Rxf2 37.Kf5 h5 38.Ra7+ Ke8 39.d5 h4 40.Ra3 Rd2 41.Ke5 Ke7 42.Ra7+ Kf8 43.Ra3 Ke7 44.Rh3 f6+ 45.Ke4 Kd6 46.Kf5 Ke7 47.Rxh4 Rxd5+ 48.Kg6 f5 49.Rh5 Rd6+ 50.Kg7 Rf6 51.Rh6 Rxh6 52.Kxh6 Kf6 1/2-1/2

[Event "Open"]
[Site "Dubai UAE"]
[Date "2002.04.17"]
[Round "3"]
[White "Gelashvili, Tamaz"]
[Black "Vladimirov, Yevgeniy"]
[Result "1/2-1/2"]
[WhiteElo "2552"]
[BlackElo "2592"]
[EventDate "2002.04.15"]

1.e4 c5 2.b3 d6 3.Bb2 Nf6 4.Bb5+ Nbd7 5.d3 g6 6.Bxd7+ Bxd7 7.f4 Bg7 8.Nf3 O-O 9.O-O d5 10.exd5 Nxd5 11.Bxg7 Kxg7 12.Qd2 Qc7 13.Ne5 Rad8 14.Rf2 Bc8 15.Nc3 Qa5 16.Nxd5 Qxd2 17.Rxd2 Rxd5 18.Re1 f6 19.Nc4 Kf7 20.Rde2 Re8 21.a4 h6 22.h4 h5 23.a5 Bd7 24.g3 Bc6 25.Kf2 Rd7 26.Re3 Red8 27.Ke2 Rc7 28.Kd2 Bd5 29.Na3 Bc6 30.c4 Rd6 31.Kc3 Be8 32.Nc2 b5 33.axb6 axb6 34.d4 cxd4+ 35.Nxd4 b5 36.Ne6 Rb7 37.Nc5 Rc7 38.Ne6 Rb7 39.Nc5 1/2-1/2

[Event "3. IECC"]
[Site "Batumi GEO"]
[Date "2002.06.24"]
[Round "12"]
[White "Gelashvili, Tamaz"]
[Black "Fedorov, Alexei"]
[Result "1-0"]
[WhiteElo "2547"]
[BlackElo "2598"]
[EventDate "2002.06.12"]

1.e4 c5 2.b3 d6 3.Bb2 Nf6 4.Bb5+ Nbd7 5.d3 g6 6.Bxd7+ Bxd7 7.f4 Bg7 8.Nf3 O-O 9.O-O b5 10.c4 a5 11.a4 bxa4 12.bxa4 Rb8 13.Bc3 Nh5 14.Bxg7 Kxg7 15.Qd2 f5 16.exf5 gxf5 17.Nc3 h6 18.Rae1 Rf7 19.d4 Qc8 20.Nd5 e6 21.Nc3 Nf6 22.d5 exd5 23.Nxd5 Nxd5 24.Qxd5 Qc6 25.Qd3 Kh7 26.Re2 Rg8 27.Rfe1 Rgg7 28.Rd2 Qb7 29.Nh4 Rg4 30.Qh3 Rfg7 31.Nf3 R4g6 32.Qh5 Qb4 33.Rde2 Qxa4 34.h3 Kg8 35.Nh4 Rf6 36.Re7 Rxe7 37.Rxe7 Qc6 38.Nf3 a4 39.Ng5 a3 40.Nh7 d5 41.Rxd7 Rg6 42.Qxf5 Qxd7 43.Qxd7 a2 44.Qxd5+ Kxh7 45.Qa8 1-0

[Event "36. TCh-GRE"]
[Site "Kallithea Halkidiki GRE"]
[Date "2008.07.09"]
[Round "5"]
[White "Gelashvili, Tamaz"]
[Black "Zubarev, Alexander"]
[Result "1/2-1/2"]
[WhiteElo "2612"]
[BlackElo "2517"]
[EventDate "2008.07.06"]

1.e4 c5 2.b3 d6 3.Bb2 Nf6 4.Bb5+ Nbd7 5.Qe2 g6 6.f4 Bg7 7.Nf3 O-O 8.O-O a6 9.Bxd7 Bxd7 10.c4 b5 11.d3 Bc6 12.Nc3 bxc4 13.bxc4 Rb8 14.Rab1 Qd7 15.Ba1 Nh5 16.g3 f5 17.Rxb8 Rxb8 18.exf5 Qxf5 19.Ne4 Bxa1 20.Rxa1 Nf6 1/2-1/2

[Event "21. Chicago Open"]
[Site "Wheeling USA"]
[Date "2012.05.27"]
[Round "6"]
[White "Gelashvili, Tamaz"]
[Black "Amanov, Mesgen"]
[Result "1/2-1/2"]
[WhiteElo "2600"]
[BlackElo "2518"]
[EventDate "2012.05.24"]

1.e4 c5 2.b3 Nc6 3.Bb2 e5 4.Bc4 Nf6 5.d3 Be7 6.Nc3 d6 7.Nge2 O-O 8.O-O Be6 9.f4 Ng4 10.Qc1 exf4 11.Nxf4 Bg5 12.h3 Nge5 13.Nce2 Bxc4 14.bxc4 f5 15.exf5 Rxf5 16.Qe3 Qd7 17.Qg3 Bxf4 18.Nxf4 Raf8 19.Nd5 Kh8 20.Rxf5 Qxf5 21.Bc3 Qg6 22.Qxg6 Nxg6 23.Rb1 Rf7 24.Rf1 Kg8 25.Rxf7 Kxf7 26.Kf2 Nge7 27.Nxe7 Nxe7 28.Kf3 g6 29.Bd2 Nc6 30.c3 Ke6 31.Ke4 Ne7 32.g4 a6 33.Bh6 d5+ 34.cxd5+ Nxd5 35.Bg7 b5 36.a3 h5 37.gxh5 gxh5 38.c4 bxc4 39.dxc4 Nb6 40.Bf8 Nd7 41.Bh6 Ne5 42.Be3 Nxc4 43.Bxc5 Ne5 44.Bb4 Ng6 45.Bd2 Ne5 46.Kf4 Nd3+ 47.Kg5 Nf2 48.Be3 Nxh3+ 49.Kh4 Kd5 1/2-1/2

[Event "2. President's Cup"]
[Site "Baku AZE"]
[Date "2007.05.06"]
[Round "4"]
[White "Gelashvili, Tamaz"]
[Black "Zinchenko, Yaroslav"]
[Result "1/2-1/2"]
[WhiteElo "2605"]
[BlackElo "2513"]
[EventDate "2007.05.03"]

1.e4 c5 2.b3 d6 3.Bb2 Nf6 4.Bb5+ Nbd7 5.d3 g6 6.Bxd7+ Bxd7 7.f4 Bg7 8.Nf3 O-O 9.O-O b5 10.c4 bxc4 11.bxc4 Rb8 12.Bc3 Bc6 13.Qe1 Qd7 14.Nbd2 Rb6 15.Qh4 h6 16.Rae1 Ra6 17.e5 Nh5 18.Ne4 Bxe4 19.Rxe4 Ra3 20.e6 fxe6 21.Bxg7 Kxg7 22.Rfe1 Rf6 23.g4 Rxd3 24.gxh5 Rxf3 25.Qg4 Rd3 26.Rxe6 Rd1 27.Qxg6+ Rxg6+ 28.Rxg6+ Kf7 29.Rxd1 Qf5 30.Re1 Qxh5 31.Rg3 Qf5 32.Rge3 Qg4+ 33.Rg3 Qf5 34.Rge3 Qg4+ 35.Rg3 Qf5 1/2-1/2

[Event "36. Olympiad"]
[Site "Calvia ESP"]
[Date "2004.10.17"]
[Round "3"]
[White "Gelashvili, Tamaz"]
[Black "Wang, Yue"]
[Result "1/2-1/2"]
[WhiteElo "2576"]
[BlackElo "2536"]
[EventDate "2004.10.15"]

1.e4 c5 2.b3 d6 3.Bb2 Nf6 4.Bb5+ Bd7 5.Bxd7+ Qxd7 6.d3 Nc6 7.Nd2 g6 8.Ngf3 Bg7 9.O-O O-O 10.Qc1 Rac8 11.Nc4 b5 12.Ne3 Ng4 13.Bxg7 Kxg7 14.a4 Nxe3 15.fxe3 b4 16.Rf2 f5 17.Qb2+ Kg8 18.exf5 Rxf5 19.e4 Rf6 20.Raf1 Rcf8 21.Qc1 Nd4 22.Nxd4 Rxf2 23.Rxf2 Rxf2 24.Kxf2 cxd4 25.Qd2 a5 26.Ke1 e5 27.Qg5 Kg7 28.h4 h6 29.Qg3 h5 30.Qg5 Qf7 31.Ke2 Qf6 32.Qxf6+ 1/2-1/2

[Event "ECC"]
[Site "Panormo GRE"]
[Date "2001.09.25"]
[Round "3"]
[White "Gelashvili, Tamaz"]
[Black "Najer, Evgeniy"]
[Result "1/2-1/2"]
[WhiteElo "2506"]
[BlackElo "2599"]
[EventDate "2001.09.22"]

1.e4 c5 2.b3 Nc6 3.Bb2 e5 4.Bb5 Nd4 5.Bc4 Nf6 6.Nc3 Be7 7.Nge2 O-O 8.d3 Rb8 9.a4 a6 10.a5 d6 11.Qd2 Nc6 12.Nd5 Nxd5 13.Bxd5 Be6 14.O-O Bxd5 15.exd5 Nd4 16.f4 Bf6 17.Bxd4 cxd4 18.f5 Bg5 19.Qb4 Qc7 20.Ra2 Qc5 21.Qxc5 dxc5 22.Kf2 Rfd8 23.c4 dxc3 24.Nxc3 b5 25.d6 g6 26.Ne4 Bh6 27.Ke1 c4 28.bxc4 bxc4 29.dxc4 Rb1+ 30.Ke2 Rxf1 31.Kxf1 gxf5 32.Ng3 Rxd6 33.Nxf5 Rf6 34.g4 Bf8 35.Ke2 h5 36.h3 hxg4 37.hxg4 Rc6 38.Kd3 Rc5 39.Ng3 Rc8 40.Ne4 Bb4 41.Ra4 Be7 42.Ra2 Rd8+ 43.Ke3 Rc8 44.Ra4 f6 45.Kf3 Kf7 46.c5 Ke6 47.Rb4 Rc6 48.Rb6 Kd5 49.Ke2 Bd8 50.Kd3 Be7 51.Kc3 Rc7 52.Kd3 Rc6 1/2-1/2

[Event "17. Open"]
[Site "Kavala GRE"]
[Date "2008.07.31"]
[Round "2"]
[White "Gelashvili, Tamaz"]
[Black "Arsovic, Goran"]
[Result "1-0"]
[WhiteElo "2612"]
[BlackElo "2469"]
[EventDate "2008.07.31"]

1.e4 c5 2.b3 e6 3.Bb2 a6 4.Nf3 d6 5.d4 cxd4 6.Nxd4 Nf6 7.Bd3 g6 8.c4 Bg7 9.O-O Nbd7 10.Qe2 O-O 11.Nc3 Re8 12.Rad1 b6 13.Bb1 Bb7 14.Nf3 Qc7 15.Qd2 Bf8 16.Rfe1 Rad8 17.Qd4 Bc6 18.h3 Qb8 19.Ba3 Ne5 20.Nh2 Ba8 21.f4 Nh5 22.Qf2 Nd7 23.Ng4 Nhf6 24.Nxf6+ Nxf6 25.e5 dxe5 26.Bxf8 Rxd1 27.Nxd1 Rxf8 28.fxe5 Nd7 29.Qe3 Qc7 30.Nf2 Rd8 31.Qg5 h5 32.Bxg6 fxg6 33.Qxg6+ Kh8 34.Qxh5+ Kg7 35.Re3 1-0

[Event "6. Open"]
[Site "Kalamaria GRE"]
[Date "2009.08.28"]
[Round "8"]
[White "Gelashvili, Tamaz"]
[Black "Iskusnyh, Sergei"]
[Result "1/2-1/2"]
[WhiteElo "2605"]
[BlackElo "2471"]
[EventDate "2009.08.22"]

1.e4 c5 2.b3 Nc6 3.Bb2 a6 4.d3 d5 5.Nd2 d4 6.g3 e5 7.Bg2 Bd6 8.Ngf3 Nge7 9.a4 Ng6 10.O-O Be6 11.h4 f6 12.Nc4 Bc7 13.Bc1 b5 14.Na3 Rb8 15.h5 Nge7 16.Nh4 g5 17.Nf5 O-O 18.h6 Nxf5 19.exf5 Bd5 20.Bxd5+ Qxd5 21.Qg4 Ne7 22.axb5 axb5 23.Bxg5 fxg5 24.Qxg5+ Kf7 25.Qh5+ Kg8 26.Qg5+ 1/2-1/2

[Event "34. Olympiad"]
[Site "Istanbul TUR"]
[Date "2000.11.10"]
[Round "13"]
[White "Gelashvili, Tamaz"]
[Black "Delchev, Aleksander"]
[Result "1-0"]
[WhiteElo "2519"]
[BlackElo "2557"]
[EventDate "2000.10.28"]

1.e4 c5 2.b3 Nc6 3.Bb2 d6 4.Bb5 e5 5.Bxc6+ bxc6 6.Ne2 Nf6 7.d3 g6 8.O-O Bg7 9.Nd2 O-O 10.Qe1 Re8 11.f3 Be6 12.Qf2 Nh5 13.Rad1 Bh6 14.Bc1 Rf8 15.Nc4 Bxc1 16.Rxc1 f5 17.exf5 Rxf5 18.Ng3 Nxg3 19.hxg3 h5 20.Nd2 Qe7 21.Rfe1 Raf8 22.c3 Bd5 23.d4 cxd4 24.cxd4 g5 25.dxe5 dxe5 26.Qe3 g4 27.f4 Qg7 28.fxe5 Re8 29.Qd3 Rexe5 30.Nc4 Rxe1+ 31.Rxe1 Rf8 32.Ne3 Qe5 33.Re2 Be4 34.Qc4+ Kh8 35.Nf1 Re8 36.Nd2 Qa1+ 37.Kh2 Bg6 38.Rxe8+ Bxe8 39.Qe6 1-0

[Event "Panormo "]
[Site "Panormo GRE"]
[Date "1998.10.29"]
[Round "1"]
[White "Gelashvili, Tamaz"]
[Black "Anastasian, Ashot"]
[Result "0-1"]
[WhiteElo "2510"]
[BlackElo "2560"]
[EventDate "1998.??.??"]

1.e4 c5 2.b3 Nc6 3.Bb2 Nf6 4.e5 Nd5 5.Nf3 e6 6.Bb5 Be7 7.O-O O-O 8.Nc3 Nxc3 9.Bxc3 Qc7 10.Qe2 b6 11.a3 Bb7 12.Bd3 f5 13.exf6 Bxf6 14.Qe4 g6 15.Qe3 Bxc3 16.dxc3 Rf4 17.Ng5 Qe5 18.Qg3 Rff8 19.Qh4 Qg7 20.Rae1 h6 21.Ne4 Ne5 22.Qg3 Bc6 23.Nxc5 Nf3+ 24.gxf3 Rxf3 25.Qxg6 bxc5 26.Qxg7+ Kxg7 27.Re3 Rf4 28.Rg3+ Kf6 29.Rd1 h5 30.a4 h4 31.Rg6+ Kf7 32.Rg5 Kf6 33.Rg6+ Kf7 34.Rg5 c4 35.Be2 Kf6 36.Rg4 Rxg4+ 37.Bxg4 Rb8 38.b4 Bxa4 39.Ra1 Bxc2 40.Rxa7 d5 41.Kf1 d4 42.cxd4 Rxb4 43.Rc7 Rb1+ 44.Kg2 Be4+ 45.Bf3 h3+ 46.Kxh3 Bxf3 47.Rxc4 Rb3 48.Rc5 Rd3 49.Kg3 Bd5+ 50.Kg4 Rxd4+ 51.Kg3 Kg5 52.h4+ Rxh4 0-1

[Event "National Open 2012"]
[Site "Las Vegas, NV USA"]
[Date "2012.06.16"]
[Round "3"]
[White "Gelashvili, Tamaz"]
[Black "Yankovsky, Roman"]
[Result "1/2-1/2"]
[WhiteElo "2600"]
[BlackElo "2466"]
[EventDate "2012.06.15"]

1.e4 c5 2.b3 d6 3.Bb2 Nf6 4.Bb5+ Nbd7 5.d3 e6 6.Nd2 a6 7.Bxd7+ Bxd7 8.f4 Be7 9.Ngf3 O-O 10.O-O d5 11.Ne5 Be8 12.Qe2 Nd7 13.exd5 exd5 14.Rae1 Nxe5 15.Bxe5 f6 16.Bc7 Qxc7 17.Qxe7 Qxe7 18.Rxe7 Rf7 19.Rfe1 Kf8 20.R7e6 Rc8 21.Kf2 Bd7 22.Rd6 Bc6 23.d4 cxd4 24.Nf3 Rd7 25.Rxd7 Bxd7 26.Nxd4 a5 27.a4 Re8 28.Rd1 Ke7 29.Re1+ Kd8 30.Rxe8+ Kxe8 31.Ke3 Ke7 32.f5 g5 33.fxg6 hxg6 34.h4 g5 35.h5 Kf7 36.Nb5 Kg7 37.Nd6 b6 38.Kd4 Kh6 39.Kxd5 Kxh5 40.Nc4 Bc8 41.Nxb6 Bb7+ 42.Ke6 Bxg2 43.Kf5 Bh3+ 44.Kxf6 g4 45.Nd5 g3 46.Ne3 g2 47.Nxg2 Bxg2 48.c4 Be4 49.Ke7 Bc2 50.c5 Bxb3 51.c6 Bd1 52.Kd6 Kg6 53.c7 Bg4 54.Kc6 Kf6 55.Kb6 Ke7 56.Kxa5 Kd6 57.Kb6 Bc8 58.a5 Kd7 1/2-1/2

[Event "Chicago Open"]
[Site "Wheeling USA"]
[Date "2011.05.28"]
[Round "4"]
[White "Gelashvili, Tamaz"]
[Black "Matsenko, Sergei"]
[Result "1-0"]
[WhiteElo "2611"]
[BlackElo "2453"]
[EventDate "2011.05.26"]

1.e4 c5 2.b3 Nc6 3.Bb2 e6 4.Nf3 a6 5.c4 d6 6.d4 cxd4 7.Nxd4 Bd7 8.Nc3 Nf6 9.Nxc6 Bxc6 10.Bd3 Be7 11.O-O O-O 12.Qe2 Re8 13.f4 Nd7 14.e5 Qc7 15.Rae1 g6 16.Be4 dxe5 17.Bxc6 Qxc6 18.fxe5 Nc5 19.Rf3 Rad8 20.Ref1 Bg5 21.Bc1 Bxc1 22.Rxc1 a5 23.Rcf1 Re7 24.Nb5 Qe4 25.Re3 Qh4 26.g3 Qh6 27.Nd6 Red7 28.Ref3 Qh5 29.Qe3 f6 30.Rxf6 Nd3 31.Rxe6 1-0

[Event "Manhattan Open"]
[Site "New York, NY USA"]
[Date "2011.08.20"]
[Round "6"]
[White "Gelashvili, Tamaz"]
[Black "Shahade, Gregory"]
[Result "1-0"]
[WhiteElo "2616"]
[BlackElo "2446"]
[EventDate "2011.08.17"]

1.e4 c5 2.b3 g6 3.Bb2 Nf6 4.Qf3 d6 5.Bb5+ Nbd7 6.Bxf6 exf6 7.Nc3 a6 8.Bxd7+ Bxd7 9.Nge2 Bg7 10.Qg3 Be6 11.Nf4 O-O 12.O-O f5 13.Rae1 Qd7 14.Ncd5 Rae8 15.exf5 Bxf5 16.Nh5 Qd8 17.Nxg7 Kxg7 18.c4 Be4 19.Qc3+ f6 20.Nf4 Qd7 21.f3 Bc6 22.d4 Qf5 23.Qd2 Rxe1 24.Rxe1 Re8 25.Rxe8 Bxe8 26.g4 Qb1+ 27.Kg2 Bf7 28.dxc5 dxc5 29.Nd5 Qa1 30.Nc3 Be8 31.Qe3 Bf7 32.h4 b5 33.cxb5 axb5 34.Qxc5 Qe1 35.Ne4 Qxh4 36.Qxb5 h5 37.g5 Be6 38.Qb7+ Kh8 39.Qb8+ Kh7 40.Qc7+ Kg8 41.Qd8+ 1-0

[Event "39. World Open"]
[Site "Philadelphia, PA USA"]
[Date "2011.07.03"]
[Round "7"]
[White "Gelashvili, Tamaz"]
[Black "Lapshun, Yury"]
[Result "1/2-1/2"]
[WhiteElo "2611"]
[BlackElo "2442"]
[EventDate "2011.06.30"]

1.e4 c5 2.b3 Nc6 3.Bb2 d6 4.Bb5 Nf6 5.Bxc6+ bxc6 6.d3 e5 7.Ne2 g6 8.O-O Bg7 9.Nd2 O-O 10.Qe1 Nh5 11.f4 exf4 12.Bxg7 Kxg7 13.Nxf4 Nxf4 14.Rxf4 Be6 15.Qg3 Qa5 16.Rf2 Qc3 17.Raf1 Rad8 18.Nb1 Qd4 19.Nd2 Qc3 20.Nf3 f6 21.Nh4 Qe5 22.Qe3 Qc3 23.Nf3 Bg4 24.Nd2 Be6 25.h3 a5 26.Nb1 Qd4 27.Qd2 a4 28.c3 Qe5 29.d4 Qh5 30.bxa4 Ra8 31.Qf4 Rad8 32.Qe3 cxd4 33.cxd4 c5 34.d5 Bd7 35.Qc3 Qg5 36.a5 Rb8 37.Nd2 Rb4 38.a3 Rbb8 39.Kh2 Qe5+ 40.Qxe5 dxe5 41.Rc1 f5 42.exf5 gxf5 43.Nc4 e4 44.Kg3 f4+ 45.Kh2 e3 46.Rfc2 Bf5 47.Rc3 Rb1 48.d6 e2 49.Rxb1 Bxb1 50.Rc1 Be4 51.Re1 Bd3 52.Ne5 Ba6 53.Kg1 Rd8 54.d7 Kf6 55.Nc6 Rxd7 56.Nb8 Rd1 57.Kf2 Bc4 58.a6 Rxe1 59.Kxe1 Ke6 60.a7 Bd5 61.Kxe2 Bxg2 62.Na6 Kd6 63.a4 Bb7 64.Kd2 h6 65.h4 h5 66.a5 Bd5 67.Nb8 Ba8 68.Na6 Bb7 69.Nb8 f3 70.Ke3 c4 71.Na6 c3 72.Nb4 Kc5 73.Nd3+ Kb5 74.Kd4 c2 75.Ke3 Kc4 76.Kd2 Kb3 77.Kc1 Kc3 78.Nf2 Ba8 79.Nh3 Kd3 80.Nf4+ Ke3 81.Nxh5 f2 82.Ng3 Kf3 83.Nf1 Kg4 84.Kxc2 Kxh4 85.Kd3 Kh3 86.Kd4 Kg2 87.Nd2 f1=Q 88.Nxf1 Kxf1 89.a6 Ke2 90.Kc5 Kd3 91.Kb6 Kc4 92.Kc7 Kb5 93.Kb8 Kc6 1/2-1/2

[Event "Korinthos GRE"]
[Site "Korinthos GRE"]
[Date "1998.07.25"]
[Round "1"]
[White "Gelashvili, Tamaz"]
[Black "Greenfeld, Alon"]
[Result "1-0"]
[WhiteElo "2510"]
[BlackElo "2535"]
[EventDate "1998.??.??"]

1.e4 c5 2.b3 d6 3.Bb2 Nc6 4.Bb5 e5 5.Bxc6+ bxc6 6.Ne2 Nf6 7.d3 g6 8.O-O Bg7 9.Nd2 O-O 10.Qe1 Nd7 11.f4 f5 12.exf5 Rxf5 13.Nc4 Qe7 14.Ng3 Rf7 15.fxe5 Rxf1+ 16.Qxf1 d5 17.e6 Bxb2 18.Nxb2 Nf8 19.Qf7+ Qxf7 20.exf7+ Kxf7 21.Na4 Ne6 22.Re1 Bd7 23.c4 Rd8 24.Nf1 Nf4 25.Nxc5 Bf5 26.Re3 dxc4 27.dxc4 Rd1 28.Ne4 Ra1 29.a4 Ra2 30.Ned2 g5 31.h4 Bd3 32.hxg5 Bxf1 33.Rf3 Bxg2 34.Rxf4+ Kg6 35.Rf2 Bh3 36.Nf3 Ra3 37.Rh2 Bg4 38.Rh6+ Kf5 39.Rf6+ Ke4 40.Kf2 c5 41.Rf7 Bf5 42.Rxa7 Kf4 43.Rf7 Kg4 44.Nd2 Kf4 45.Rf6 Ra2 46.Ke2 Kxg5 47.Rc6 Kf4 48.Rxc5 Bg4+ 49.Ke1 Kg3 50.Ne4+ Kg2 51.Nc3 Rc2 52.Nd5 Kg3 53.b4 Bf3 54.Rc7 h5 55.Rg7+ Bg4 56.b5 h4 57.Nf6 h3 58.Nxg4 1-0

[Event "9. Battle of Crete"]
[Site "Chania GRE"]
[Date "1999.08.07"]
[Round "5"]
[White "Gelashvili, Tamaz"]
[Black "Banikas, Hristos"]
[Result "1-0"]
[WhiteElo "2531"]
[BlackElo "2507"]
[EventDate "1999.08.03"]

1.e4 c5 2.b3 d6 3.Bb2 Nf6 4.Bb5+ Nbd7 5.Qe2 g6 6.Nc3 Bg7 7.f4 O-O 8.Nf3 a6 9.Bxd7 Bxd7 10.O-O Bc6 11.d3 e6 12.Kh1 Nh5 13.g3 f5 14.Nd1 Qd7 15.Kg1 fxe4 16.dxe4 Nxf4 17.gxf4 Rxf4 18.Nd2 Raf8 19.Rxf4 Rxf4 20.Bxg7 Qxg7 21.Rb1 Qe5 22.Nf2 Qg5+ 23.Kh1 Qh4 24.Nd3 Bxe4+ 25.Nxe4 Rxe4 26.Qf3 Qg4 27.Qxg4 Rxg4 28.Re1 Kf7 29.Nf2 Rh4 30.Kg2 Ke7 31.Ne4 h6 32.Re2 Rf4 33.a4 b6 34.Nc3 Rf5 35.Nd1 d5 36.Ne3 Re5 37.Kf3 h5 38.c4 Kd6 39.a5 d4 40.Nf1 Rf5+ 41.Kg2 Rg5+ 42.Kf2 Rf5+ 43.Kg2 Rg5+ 44.Kf2 Rf5+ 45.Ke1 bxa5 46.Ng3 Re5 47.Ne4+ Ke7 48.h4 Rf5 49.Rf2 Re5 50.Rf4 Rf5 51.Rxf5 gxf5 52.Ng3 Kf7 53.Nxh5 e5 54.Ng3 Kf6 55.h5 Kg5 56.h6 Kxh6 57.Nxf5+ Kg5 58.Nd6 Kf4 59.Nb7 Ke3 60.Nxc5 d3 61.Nxd3 Kd4 62.Nb2 e4 63.Kd2 e3+ 64.Ke2 1-0

[Event "Open"]
[Site "Kavala GRE"]
[Date "2009.08.01"]
[Round "2"]
[White "Gelashvili, Tamaz"]
[Black "Hunt, Adam C"]
[Result "1-0"]
[WhiteElo "2605"]
[BlackElo "2428"]
[EventDate "2009.08.01"]

1.e4 c5 2.b3 d6 3.Bb2 a6 4.f4 Nc6 5.Nf3 Nf6 6.d3 e6 7.Nbd2 Be7 8.g3 b5 9.Bg2 Bb7 10.O-O O-O 11.Qe2 Qc7 12.e5 Nd7 13.c4 dxe5 14.fxe5 Rad8 15.Rad1 Rfe8 16.Rde1 f5 17.exf6 Bxf6 18.Ne4 Bxb2 19.Qxb2 Nce5 20.Qe2 Bxe4 21.Qxe4 Nxf3+ 22.Rxf3 Nf6 23.Qe2 Re7 24.Qe5 Qxe5 25.Rxe5 Nd7 26.Re1 b4 27.Rfe3 Kf7 28.Bh3 e5 29.Rf1+ Nf6 30.Rf5 g6 31.Rf1 Kg7 32.Rfe1 Kf7 33.Kf1 e4 34.dxe4 Re5 35.R3e2 a5 36.Kg1 Rd4 37.Bg2 Kg7 38.Rf1 Nd7 39.h3 Re7 40.e5 Rxe5 41.Ref2 Re3 42.Rf7+ Kh6 43.g4 Ne5 44.Rc7 Rd2 45.Rf2 Re1+ 46.Bf1 Rd7 47.Rxd7 Nxd7 48.Rd2 Nf6 49.Kf2 Ra1 50.Bg2 g5 51.Re2 Kg6 52.Kg3 h5 53.Bf3 h4+ 54.Kg2 Kf7 55.Bc6 Rd1 56.Re5 Rd2+ 57.Kf3 Rxa2 58.Rxg5 Rb2 59.Rxc5 Rxb3+ 60.Kf4 Rxh3 61.g5 Ne8 62.Rf5+ Ke7 63.Re5+ Kd6 64.Bxe8 Rc3 65.c5+ Kc7 66.g6 b3 67.g7 Rg3 68.Rg5 1-0

[Event "3. Open"]
[Site "Kalamaria GRE"]
[Date "2006.09.02"]
[Round "4"]
[White "Gelashvili, Tamaz"]
[Black "Hakki, Imad"]
[Result "1-0"]
[WhiteElo "2575"]
[BlackElo "2447"]
[EventDate "2006.08.30"]

1.e4 c5 2.b3 d6 3.Bb2 Nf6 4.Bb5+ Nbd7 5.d3 e5 6.a4 Be7 7.Ne2 O-O 8.Nbc3 a6 9.Bc4 Nb6 10.a5 Nxc4 11.dxc4 Be6 12.O-O Nd7 13.Nd5 Nf6 14.Nxf6+ Bxf6 15.Qd3 Rc8 16.Nc3 Bg5 17.Bc1 Bxc1 18.Rfxc1 Qe7 19.Rd1 Rcd8 20.Rd2 g6 21.Nd5 Bxd5 22.Qxd5 Kg7 23.c3 f5 24.b4 fxe4 25.Re1 cxb4 26.cxb4 Qf7 27.Qxe4 Rc8 28.c5 dxc5 29.Qxe5+ Kg8 30.bxc5 Rfe8 31.Qa1 Rxc5 32.Rxe8+ Qxe8 33.h3 Re5 34.Rd8 Qxd8 35.Qxe5 Kf7 36.Qc5 Qd1+ 37.Kh2 Qd7 38.Kg3 Qd3+ 39.f3 Qd7 40.Qc4+ Kg7 41.f4 Qe7 42.Qc3+ Kg8 43.Kf3 Qd7 44.Qc4+ Kg7 45.Ke3 Qe7+ 46.Kd3 Kh6 47.Qd5 Qa3+ 48.Ke2 Qb2+ 49.Kf3 Qc3+ 50.Kg4 Qc8+ 51.Kh4 Kg7 52.g4 h6 53.g5 Kh7 54.Qf7+ 1-0

[Event "Zonal 1.5"]
[Site "Erevan ARM"]
[Date "2000.06.11"]
[Round "5"]
[White "Gelashvili, Tamaz"]
[Black "Tosic, Miroslav"]
[Result "1-0"]
[WhiteElo "2514"]
[BlackElo "2503"]
[EventDate "2000.06.07"]

1.e4 c5 2.b3 d6 3.Bb2 Nd7 4.f4 e6 5.Nf3 b6 6.g3 Bb7 7.d3 Ngf6 8.Nbd2 d5 9.Qe2 d4 10.c3 dxc3 11.Bxc3 Be7 12.Bg2 O-O 13.O-O b5 14.h3 Qb6 15.Kh2 Rfe8 16.Rfd1 a6 17.a4 Bc6 18.d4 Bb7 19.a5 Qa7 20.dxc5 Nxc5 21.Bd4 Qb8 22.Rac1 Ncd7 23.Ne5 Rc8 24.Nxd7 Nxd7 25.e5 Nc5 26.Rc3 Bxg2 27.Qxg2 Nb7 28.Rxc8+ Qxc8 29.Bb6 Bb4 30.Ne4 Bxa5 31.Bxa5 Nxa5 32.b4 Nc4 33.Nd6 Qf8 34.Qb7 Ne3 35.Rc1 Rb8 36.Qxa6 Nd5 37.Qa7 Ra8 38.Qb7 Rb8 39.Qd7 Nxb4 40.Nxb5 Rd8 41.Qa7 Ra8 42.Qc7 Nd3 43.Rc2 Ne1 44.Re2 Qb4 45.Nd6 Rf8 46.Qc6 h6 47.h4 Nd3 48.Qf3 Nc5 49.h5 Nd7 50.Qc6 Nb6 51.Qb7 Qd4 52.Qf3 Nd5 53.f5 f6 54.fxe6 fxe5 55.Nf5 Rxf5 56.Qxf5 Nf6 57.Rc2 Qd8 58.Qg6 Kh8 59.Rb2 Qa8 60.e7 Qc8 61.Rd2 1-0

[Event "Manhattan Open"]
[Site "New York, NY USA"]
[Date "2011.08.21"]
[Round "8"]
[White "Gelashvili, Tamaz"]
[Black "Zhao, Parker"]
[Result "1-0"]
[WhiteElo "2616"]
[BlackElo "2382"]
[EventDate "2011.08.17"]

1.e4 c5 2.b3 e6 3.Bb2 d6 4.Bb5+ Nd7 5.f4 Nf6 6.Qe2 a6 7.Bxd7+ Bxd7 8.Nf3 Be7 9.O-O O-O 10.d3 b5 11.Nbd2 Bc6 12.Kh1 Qc7 13.Rae1 a5 14.e5 Nd5 15.exd6 Bxd6 16.Ne5 Ne7 17.Ne4 Bxe4 18.dxe4 c4 19.bxc4 bxc4 20.Nxc4 Bxf4 21.e5 Ng6 22.Qe4 Rfc8 23.Nd6 f5 24.Qd4 Rcb8 25.c4 Bxe5 26.Rxe5 Nxe5 27.Qxe5 Qd7 28.c5 Ra6 29.h3 Rc6 30.Bd4 Rb4 31.Bc3 Rh4 32.Rb1 1-0

[Event "3. Open"]
[Site "Patras GRE"]
[Date "2001.07.25"]
[Round "8"]
[White "Gelashvili, Tamaz"]
[Black "Marjanovic, S"]
[Result "1-0"]
[WhiteElo "2506"]
[BlackElo "2485"]
[EventDate "2001.07.18"]

1.e4 c5 2.b3 b6 3.Bb2 Bb7 4.Nc3 e6 5.Qf3 a6 6.O-O-O Nf6 7.Re1 d6 8.Qg3 b5 9.e5 dxe5 10.Nf3 e4 11.Ng5 Bd6 12.Nxe6 Bxg3 13.Nxd8 Bxf2 14.Nxb7 Bxe1 15.Nd6+ Kf8 16.Ncxe4 Nxe4 17.Nxe4 Bh4 18.Nxc5 Be7 19.Ne4 Nc6 20.c4 f5 21.Ng3 Kf7 22.cxb5 axb5 23.Bxb5 Bf6 24.Kb1 Ne7 25.Bc4+ Kg6 26.Bxf6 Kxf6 27.Re1 g6 28.Re6+ Kf7 29.Ne2 Rhc8 30.Re3+ Kf8 31.Nf4 Rab8 32.d3 Nc6 33.Ne6+ Kf7 34.Rh3 h5 35.Nc5+ Ke7 36.Re3+ Kd6 37.Na6 Re8 38.Rg3 Re1+ 39.Kb2 Rc8 40.Rxg6+ Ke7 41.Kc3 Ne5 42.Rg5 Kf6 43.Rxh5 Re2 44.Nb4 Nxc4 45.Nd5+ Ke5 46.dxc4 Rxg2 47.Rxf5+ Kxf5 48.Ne3+ Ke4 49.Nxg2 Rf8 50.a4 Rf3+ 51.Kb4 Rh3 52.a5 Rxh2 53.Ne1 Re2 54.Kc5 Rxe1 55.b4 Kd3 56.b5 Re5+ 57.Kb4 Kd4 58.b6 Re1 59.Kb5 Rb1+ 60.Kc6 Rc1 61.b7 Rxc4+ 62.Kb6 Rb4+ 63.Ka7 Kc5 64.a6 Kc6 65.b8=Q Rxb8 66.Kxb8 1-0

[Event "6. Open"]
[Site "Korinthos GRE"]
[Date "2002.07.25"]
[Round "3"]
[White "Gelashvili, Tamaz"]
[Black "Vasilevich, Tatjana"]
[Result "1-0"]
[WhiteElo "2551"]
[BlackElo "2425"]
[EventDate "2002.07.23"]

1.e4 c5 2.b3 Nf6 3.e5 Nd5 4.Bb2 e6 5.Nf3 Be7 6.c4 Nc7 7.d4 cxd4 8.Nxd4 O-O 9.Bd3 d6 10.exd6 Bxd6 11.O-O Nd7 12.Nf3 Qe7 13.Nc3 Nf6 14.Qe2 Bd7 15.Ne5 Rfd8 16.Rad1 Be8 17.Ne4 Nxe4 18.Qxe4 f5 19.Qxb7 Qf6 20.Rde1 Bh5 21.c5 Rab8 22.Qc6 Be8 23.cxd6 Bxc6 24.Nxc6 Qxb2 25.dxc7 Rbc8 26.cxd8=Q+ Rxd8 27.Nxd8 Qd4 28.Bc4 Qxd8 29.Rxe6 1-0

[Event "3. Open"]
[Site "Patras GRE"]
[Date "2001.07.21"]
[Round "4"]
[White "Gelashvili, Tamaz"]
[Black "Zagrebelny, Sergey"]
[Result "1-0"]
[WhiteElo "2506"]
[BlackElo "2466"]
[EventDate "2001.07.18"]

1.e4 c5 2.b3 Nc6 3.Bb2 d6 4.Bb5 e5 5.Bxc6+ bxc6 6.Ne2 Nf6 7.d3 g6 8.O-O Bg7 9.Nd2 O-O 10.h3 Nh5 11.f4 exf4 12.Bxg7 Nxg7 13.Nxf4 Qe7 14.Qf3 Bd7 15.Rae1 Rae8 16.Nc4 f6 17.Qg3 Bc8 18.h4 Rd8 19.h5 g5 20.h6 Ne8 21.Nh5 Be6 22.e5 dxe5 23.Nxe5 c4 24.Nxc4 Qc5+ 25.Ne3 Rd4 26.Rf4 Kh8 27.Rxd4 Qxd4 28.Qf2 f5 29.Nc4 Qxf2+ 30.Kxf2 Bf7 31.Ng3 Nf6 32.Nd6 Bg6 33.Re7 Ng4+ 34.Kg1 Nxh6 35.Rxa7 Rd8 36.Nc4 Re8 37.a4 Re1+ 38.Nf1 f4 39.a5 Nf5 40.Rc7 Ne3 41.Nd2 Ra1 42.Rxc6 Bh5 43.a6 Be2 44.a7 Rxa7 45.Kf2 Bxf1 46.Nxf1 Ng4+ 47.Ke2 Re7+ 48.Kd2 Kg7 49.b4 h5 50.b5 f3 51.gxf3 Ne5 52.Rc5 Nxf3+ 53.Kc3 h4 54.Nd2 Nxd2 55.Rxg5+ Kh6 56.Rf5 Nb1+ 57.Kb2 Re1 58.Rf2 Kg5 59.c4 Kg4 60.b6 Kg3 61.Rc2 h3 62.b7 Re8 63.c5 h2 64.Rxh2 Kxh2 65.c6 1-0